UM Logo
Normal view MARC view
  • Police

Entry Topical Term

Number of records used in: 1

001 - CONTROL NUMBER

  • control field: 43804

003 - CONTROL NUMBER IDENTIFIER

  • control field: OSt

005 - DATE AND TIME OF LATEST TRANSACTION

  • control field: 20220118093130.0

008 - FIXED-LENGTH DATA ELEMENTS

  • fixed length control field: 220118|| aca||aabn | a|a d

040 ## - CATALOGING SOURCE

  • Original cataloging agency: OSt
  • Transcribing agency: OSt

150 ## - HEADING--TOPICAL TERM

  • Topical term or geographic name entry element: Police
  • General subdivision: Operation.

670 ## - SOURCE DATA FOUND

  • Source citation: Work cat.: (OSt): Clark, Mark W. 43803, When your agency faces a potential crisis over an in-custody death, its PIO becomes a public relations daredevil/, ©Sept 2013-May 2016.